Astronomía contemporánea /

Compendio de los conocimientos existentes para iniciación a la astronomía actual. Incluye imágenes complementarias a los textos para ayuda a situarse en la complejidad de esta materia; lo mismo los descubrimientos más recientes en el campo de esta ciencia. Contenido: El sistema solar; El mundo de la...

Descrizione completa

Salvato in:
Dettagli Bibliografici
Autore principale: Ruiz Morales, Jorge (autor)
Natura: Libro
Lingua:spagnolo
Pubblicazione: Madrid, España : Equipo Sirius, 1998, c1998
Soggetti:
Tags: Aggiungi Tag
Nessun Tag, puoi essere il primo ad aggiungerne!!

MARC

LEADER 00000nam^a2200000^a^4500
001 000129028
005 20250521000000.0
009 20260526123515.786
020 |a 84-86639-89-1 
037 |a Acervo ITESO - Biblioteca 
041 |a ESP 
082 |a 520.  |b RUI 
100 |a Ruiz Morales, Jorge  |e (autor) 
245 1 0 |a Astronomía contemporánea /  |c J. Ruiz Morales. 
264 4 |a Madrid, España :  |b Equipo Sirius,  |c 1998, c1998 
300 |a 219 p. 
336 |a texto  |b txt  |2 rdacontenido 
337 |a sin mediación  |b n  |2 rdamedio 
338 |a volumen  |b nc  |2 rdasoporte 
520 |a Compendio de los conocimientos existentes para iniciación a la astronomía actual. Incluye imágenes complementarias a los textos para ayuda a situarse en la complejidad de esta materia; lo mismo los descubrimientos más recientes en el campo de esta ciencia. Contenido: El sistema solar; El mundo de las estrellas; Nuestra galaxia, la vía láctea; Otras Galaxias; El universo observable. 
649 |a XX 
650 |a Asteroides 
650 |a Planetas 
650 |a Satélites 
650 |a Sistema Solar 
650 |a Estrellas 
650 |a Nebulosas 
650 |a Galaxias 
650 |a Universo 
650 |a Cosmología 
650 |a Astronomía 
910 |a Fondo General 
920 |a Impresos - Libros 
930 |a Colección General 
905 |a 101 
901 |a 0500059638  |b IT1  |c ACC  |u 20250521 
902 |a https://opac.biblio.iteso.mx/vufind/Record/000129028